Представление документа в формате RUSMARC

ПолеНазваниеЗначение
  Тип записи a
  Библиографический уровень m
001 Контрольный номер RU/REG73/CBS_GRAD/845b3ddf763443f29e5443ffdad287cf
005 Дата корректировки 20241216140306.5
010 Индекс ISBN __
a ISBN 978-5-373-05962-6
100 Данные общей обработки __
a Данные общей обработки 20241216d2014 |||y0rusy0189 ca
101 Язык документа 0_
a Язык текста rus
102 Страна публикации __
a Страна публикации RU
200 Заглавие и сведения об ответственности 1_
g Последующие сведения об ответственности составитель М. О. Колыванова
a Заглавие
215 Физическое описание __
a Объем 192 с.
461 Уровень набора _0
1 2001
a История России в 8 томах
b Текст
f редактор Л. М. Кузьмина
v Т. 1. Древняя Русь
1 2101
a Москва
c ОЛМА Медиа Групп
d 2014
1 001RU/REG73/CBS_GRAD/34fc7c3c497b49328a9275374abbdd55
1 203
a Текст
b визуальный
c непосредственный
1 215
d 23 см
610 Ключевые слова 0_
a Ключевые слова история Руси; Киевская Русь 9-12 веков; древняя Русь
686 Индексы других классификаций __
a Классификационный индекс 63.3(2)41
2 Код системы rubbk
702 Вторичная интеллектуальная ответственность _1
a Фамилия Колыванова
b Имя (инициалы) М. О.
4 Код отношения 220
801 Источник записи _0
a Страна RU
b Организация RuCBSGrad
c Дата составления 20241216
g Правила каталогизации RCR
801 Источник записи _1
a Страна RU
b Организация RuCBSGrad
c Дата составления 20241216
g Правила каталогизации RCR
852 Данные о местонахождении __
a Наименование организации МБУК "ЦБС г.Димитровграда"
i Авторский знак Д 73
901 Тип документа __
t Тип документа n
w Контрольный № источника RU/REG73/CBS_GRAD/34fc7c3c497b49328a9275374abbdd55
909 Создатель записи __
a Создатель записи Гонюкова
b Дата создания записи 20241216